Capitales les plus proches de Berlin - une minute sprint - Statistiques

Statistiques générales
  • Ce quiz a été pris 92 fois
  • Le résultat moyen est 13 sur 20
Statistiques - réponses
km capitale % Correct
880 Paris
98%
652 Bruxelles
88%
524 Vienne
88%
355 Copenhague
84%
518 Varsovie
84%
754 Berne
81%
578 Amsterdam
79%
281 Prague
79%
603 Luxembourg
74%
840 Oslo
72%
810 Stockholm
62%
661 Vaduz
58%
933 Londres
57%
689 Budapest
56%
553 Bratislava
53%
820 Vilnius
47%
848 Riga
41%
954 Minsk
33%
724 Ljubljana
31%
771 Zagreb
28%
Aucun quiz correspondant
Distribution des résultats
% des personnes avec chaque résultat
Percentile par nombre de réponses
Votre historique - résultats
Vous n’avez pas pris ce quiz